Datum a čas kvízu
32
Celkem bodů
Celkový počet nahraných bodů na tomto kvízu bez doplňovacích otázek.
3.
Pořadí na kvízu
Konečné umístění týmu na tomto kvízu.
Zaznamenané odpovědi
| # | Otázka | Odpověď | Body | Výsledky |
|---|---|---|---|---|
| 1. | Výmoly a praskliny na královéh... | 0 | ||
| 2. | Pětačtyřicetiletý pastor, kter... | 0 | ||
| 3. | Minulý týden bylo oznámeno, že... | 1 | ||
| 4. | Firma Apple na své pravidelné... | 1 | ||
| 5. | Druhý letošní grandslamový tur... | 0 | ||
| 6. | Fanoušky na celém světě si po... | 0 | ||
| 7. | Ke které deskové hře odkazuje... | 1 | ||
| 8. | Ve hře Osadníci z Katanu je mo... | 0 | ||
| 9. | Ze které evropské země pochází... | 1 | ||
| 10. | Napište jméno této postavy z k... | 0 |